[Event "Vientiane op"]
[Site "Vientiane"]
[Date "2018.12.23"]
[Round "9"]
[White "Goh, Jie Yi"]
[Black "Hornell, Colin"]
[Result "0-1"]
[WhiteElo "1691"]
[BlackElo "2110"]
[PlyCount "134"]
[EventDate "2018.12.18"]
[EventType "swiss"]
[EventRounds "9"]
[EventCountry "LAO"]
[SourceTitle "CBM 187 Extra"]
[Source "ChessBase"]
[SourceDate "2018.11.04"]
[SourceVersion "1"]
[SourceVersionDate "2018.11.04"]
[SourceQuality "1"]

1. d4 d5 2. Bf4 Nf6 3. e3 c5 4. Nf3 Nc6 5. c3 Qb6 6. b3 Bg4 7. Be2 e6 8. 0-0 cxd4 9. cxd4 Be7 10. Nbd2 h6 11. h3 Bf5 12. Ne5 Nxe5 13. Bxe5 0-0 14. Nf3 Rac8 15. Bd3 Ne4 16. Ne1 Bb4 17. f3 Nc3 18. Qd2 f6 19. Bh2 Ne4 20. Qd1 Nc3 21. Qd2 Bxd3 22. Nxd3 Ba3 23. Nf4 Nb5 24. Rab1 a5 25. Nd3 Nc3 26. Ra1 Rc6 27. Bf4 Rfc8 28. Qf2 Nb5 29. Rfd1 Rc2 30. Qe1 R8c3 31. Rd2 Rxd2 32. Qxd2 Qc6 33. Kh2 b6 34. Ne1 Nc7 35. Bxc7 Qxc7+ 36. Kg1 Qc6 37. Nd3 Rc2 38. Qe1 Qc3 39. Qxc3 Rxc3 40. Rd1 Rc2 41. Ra1 Re2 42. Ne1 Bb2 43. Rb1 Bc3 44. Kf1 Rxe3 45. Nc2 Rd3 46. Rc1 Bb2 47. Re1 Kf7 48. Ke2 Rc3 49. Ne3 Bc1 50. Kf2 Bxe3+ 51. Rxe3 Rc2+ 52. Re2 Rxe2+ 53. Kxe2 Kg6 54. Ke3 e5 55. g3 Kf5 56. a3 Ke6 57. Kd3 Kd6 58. Ke3 Kc6 59. Kd3 g6 60. Ke3 Kd6 61. Kd3 h5 62. Ke3 g5 63. Kd3 f5 64. Ke3 f4+ 65. gxf4 exf4+ 66. Kf2 Ke6 67. Kg2 Kf5 0-1

[Event "Vientiane op"]
[Site "Vientiane"]
[Date "2018.12.21"]
[Round "7"]
[White "Salvador, Louie"]
[Black "Hornell, Colin"]
[Result "1-0"]
[WhiteElo "2225"]
[BlackElo "2110"]
[PlyCount "53"]
[EventDate "2018.12.18"]
[EventType "swiss"]
[EventRounds "9"]
[EventCountry "LAO"]
[SourceTitle "CBM 187 Extra"]
[Source "ChessBase"]
[SourceDate "2018.11.04"]
[SourceVersion "1"]
[SourceVersionDate "2018.11.04"]
[SourceQuality "1"]

1. e4 c5 2. Nf3 Nc6 3. d4 cxd4 4. Nxd4 e5 5. Nb5 d6 6. N1c3 a6 7. Na3 b5 8. Nd5 Nge7 9. c4 Nd4 10. Be3 Nxd5 11. cxd5 Be7 12. Bd3 0-0 13. 0-0 f5 14. Bxd4 exd4 15. exf5 Bxf5 16. Bxf5 Rxf5 17. Qxd4 Bf6 18. Qd2 Rc8 19. Rac1 Rc5 20. b4 Rcxd5 21. Qe3 Qd7 22. Rc7 Bd4 23. Rxd7 Bxe3 24. fxe3 Rxf1+ 25. Kxf1 Rd1+ 26. Ke2 Ra1 27. Nc2 1-0

[Event "Vientiane op"]
[Site "Vientiane"]
[Date "2018.12.19"]
[Round "3"]
[White "Chuersakul, Sarocha"]
[Black "Hornell, Colin"]
[Result "0-1"]
[WhiteElo "1768"]
[BlackElo "2110"]
[PlyCount "60"]
[EventDate "2018.12.18"]
[EventType "swiss"]
[EventRounds "9"]
[EventCountry "LAO"]
[SourceTitle "CBM 187 Extra"]
[Source "ChessBase"]
[SourceDate "2018.11.04"]
[SourceVersion "1"]
[SourceVersionDate "2018.11.04"]
[SourceQuality "1"]

1. d4 d5 2. c4 e6 3. Nf3 Nf6 4. g3 dxc4 5. Bg2 Nc6 6. 0-0 Rb8 7. a4 Na5 8. Nbd2 c5 9. dxc5 Bxc5 10. Qc2 Qc7 11. Ne4 Nd5 12. Bd2 Nb3 13. Rad1 Bd7 14. Nxc5 Qxc5 15. e4 Nxd2 16. exd5 Nxf3+ 17. Bxf3 0-0 18. Bg4 Rbd8 19. dxe6 Bxe6 20. Bxe6 fxe6 21. Rc1 Rd4 22. b3 Rc8 23. Rfe1 Qd5 24. Qe2 Rc6 25. b4 a6 26. Rc3 h5 27. Qc2 Rd3 28. Rc1 h4 29. Rxc4 Rxc4 30. Qxc4 Rd1+ 0-1

[Event "Vientiane op"]
[Site "Vientiane"]
[Date "2018.12.18"]
[Round "2"]
[White "Hornell, Colin"]
[Black "Smit, Gabriel"]
[Result "1-0"]
[WhiteElo "2110"]
[BlackElo "1658"]
[PlyCount "50"]
[EventDate "2018.12.18"]
[EventType "swiss"]
[EventRounds "9"]
[EventCountry "LAO"]
[SourceTitle "CBM 187 Extra"]
[Source "ChessBase"]
[SourceDate "2018.11.04"]
[SourceVersion "1"]
[SourceVersionDate "2018.11.04"]
[SourceQuality "1"]

1. d4 d5 2. c4 e6 3. g3 Nf6 4. Nf3 dxc4 5. Bg2 c5 6. 0-0 Nc6 7. dxc5 Qxd1 8. Rxd1 Bxc5 9. Nbd2 c3 10. bxc3 0-0 11. Nb3 Be7 12. Bf4 Nd5 13. Bd2 Bf6 14. Rac1 Rd8 15. Bg5 Kf8 16. Kf1 Nc7 17. Bxf6 Rxd1+ 18. Rxd1 gxf6 19. Nfd4 Nxd4 20. cxd4 Ke7 21. Rc1 Kd8 22. Nc5 Rb8 23. Ne4 Ne8 24. Rc5 Ke7 25. Nc3 Bd7 1-0

[Event "Vientiane op"]
[Site "Vientiane"]
[Date "2018.12.18"]
[Round "1"]
[White "Ng, Jia Shyen"]
[Black "Hornell, Colin"]
[Result "0-1"]
[WhiteElo "1407"]
[BlackElo "2110"]
[PlyCount "58"]
[EventDate "2018.12.18"]
[EventType "swiss"]
[EventRounds "9"]
[EventCountry "LAO"]
[SourceTitle "CBM 187 Extra"]
[Source "ChessBase"]
[SourceDate "2018.11.04"]
[SourceVersion "1"]
[SourceVersionDate "2018.11.04"]
[SourceQuality "1"]

1. e4 e6 2. d4 d5 3. Nc3 Nc6 4. exd5 exd5 5. Nf3 Nf6 6. h3 Be7 7. Bb5 0-0 8. 0-0 Be6 9. Ne5 Nb8 10. Be3 Nfd7 11. Qf3 Nxe5 12. dxe5 Nd7 13. Nxd5 Bxd5 14. Qxd5 c6 15. Bxc6 bxc6 16. Qe4 Qc7 17. f4 Bc5 18. Bxc5 Nxc5 19. Qf3 Rad8 20. Kh1 f5 21. Rad1 Ne4 22. Rfe1 Qb6 23. Rxd8 Rxd8 24. b3 Qb4 25. Re2 Rd1+ 26. Kh2 Qd4 27. Qe3 Qa1 28. g4 Rh1+ 29. Kg2 Qf1# 0-1

[Event "Hampstead op 30th"]
[Site "Hampstead"]
[Date "2015.07.05"]
[Round "5"]
[White "Villiers, Thomas"]
[Black "Hornell, Colin"]
[Result "1/2-1/2"]
[WhiteElo "2097"]
[BlackElo "2111"]
[PlyCount "81"]
[EventDate "2015.07.04"]
[EventType "swiss"]
[EventRounds "5"]
[EventCountry "ENG"]
[SourceTitle "CBM 167 Extra"]
[Source "ChessBase"]
[SourceDate "2015.09.14"]
[SourceVersion "1"]
[SourceVersionDate "2015.09.14"]
[SourceQuality "1"]

1. c4 Nf6 2. g3 e6 3. Nf3 Nc6 4. Bg2 d5 5. b3 Be7 6. 0-0 d4 7. e3 e5 8. Bb2 0-0 9. Re1 Re8 10. exd4 exd4 11. Ne5 Nxe5 12. Rxe5 c5 13. Na3 Bg4 14. Qf1 Qd7 15. Nc2 Bd6 16. Rxe8+ Rxe8 17. Re1 Qf5 18. Rxe8+ Nxe8 19. d3 Bf3 20. Ne1 Bxg2 21. Nxg2 Nf6 22. Qe2 h5 23. Nh4 Qg5 24. Kg2 Ng4 25. Nf3 Qf5 26. Bc1 Nf6 27. Bg5 Nh7 28. h4 Nf8 29. Bc1 Qe6 30. Qxe6 Nxe6 31. Ng5 Nxg5 32. hxg5 Kf8 33. Kf3 Ke7 34. Bf4 Bxf4 35. Kxf4 Ke6 36. a3 a5 37. Ke4 f5+ 38. gxf6 Kxf6 39. g4 h4 40. f4 g5 41. f5 1/2-1/2

[Event "Amsterdam Science Park op-A"]
[Site "Amsterdam"]
[Date "2014.07.10"]
[Round "6"]
[White "Van der Lende, Ilias"]
[Black "Hornell, Colin"]
[Result "1/2-1/2"]
[WhiteElo "2215"]
[BlackElo "2099"]
[PlyCount "85"]
[EventDate "2014.07.05"]
[EventType "swiss"]
[EventRounds "9"]
[EventCountry "NED"]
[SourceTitle "CBM 161 Extra"]
[Source "ChessBase"]
[SourceDate "2014.08.29"]
[SourceVersion "1"]
[SourceVersionDate "2014.08.29"]
[SourceQuality "1"]

1. e4 e6 2. d4 d5 3. Nd2 Nc6 4. Ngf3 Nf6 5. e5 Nd7 6. Be2 f6 7. exf6 Qxf6 8. Nf1 Bd6 9. Ne3 0-0 10. 0-0 Qg6 11. c3 Nf6 12. g3 b6 13. Nh4 Qe8 14. f4 Ne7 15. a4 c5 16. Nf3 a5 17. Ne5 Ba6 18. Bxa6 Rxa6 19. Qe2 Ra8 20. b3 Ne4 21. Bb2 Bxe5 22. fxe5 Qg6 23. Rad1 cxd4 24. cxd4 Nf5 25. Nxf5 Rxf5 26. Rxf5 exf5 27. Rf1 Qe6 28. Ba3 Rc8 29. Qh5 g6 30. Qh6 b5 31. axb5 Qb6 32. Rd1 Qxb5 33. Rc1 Rxc1+ 34. Qxc1 Qd7 35. Qh6 Qg7 36. Qc1 Qd7 37. Kg2 Kg7 38. Qe3 Qc6 39. Bc1 Qc2+ 40. Kg1 Qd1+ 41. Kg2 Qc2+ 42. Kg1 Qd1+ 43. Kg2 1/2-1/2

[Event "Amsterdam Science Park op-A"]
[Site "Amsterdam"]
[Date "2014.07.08"]
[Round "4"]
[White "Vereggen, Lars"]
[Black "Hornell, Colin"]
[Result "1/2-1/2"]
[WhiteElo "2189"]
[BlackElo "2099"]
[PlyCount "49"]
[EventDate "2014.07.05"]
[EventType "swiss"]
[EventRounds "9"]
[EventCountry "NED"]
[SourceTitle "CBM 161 Extra"]
[Source "ChessBase"]
[SourceDate "2014.08.29"]
[SourceVersion "1"]
[SourceVersionDate "2014.08.29"]
[SourceQuality "1"]

1. d4 Nf6 2. c4 Nc6 3. Nf3 e6 4. g3 d5 5. cxd5 exd5 6. Bg2 Bb4+ 7. Nbd2 0-0 8. a3 Bxd2+ 9. Bxd2 Re8 10. 0-0 Bg4 11. Bf4 Nh5 12. Bg5 Qd7 13. Be3 Nf6 14. Re1 Ne4 15. b4 Nd6 16. Bf4 Nc4 17. Ne5 N6xe5 18. dxe5 Nxe5 19. Qxd5 Qxd5 20. Bxd5 c6 21. Bg2 Nc4 22. e4 Rad8 23. f3 Be6 24. Bf1 h6 25. Bxc4 1/2-1/2